| 000 | 00501pab a2200181 454500 | ||
|---|---|---|---|
| 008 | 180718b2013 xxu||||| |||| 00| 0 eng d | ||
| 100 | _aRustagi, Preet | ||
| 245 | _aChanging patterns of labour force participation and employment of women in India | ||
| 260 | _c2013 | ||
| 300 | _ap.215-241. | ||
| 362 | _aApr-Jun | ||
| 650 | _aWomens employment - India | ||
| 650 | _aManpower - India | ||
| 650 | _aManpower | ||
| 773 | _aIndian Journal of Labour Economics | ||
| 908 | _aN | ||
| 909 | _a102910 | ||
| 999 |
_c102908 _d102908 |
||